Catholic University of Zimbabwe Library
Online Public Access Catalogue
(OPAC)

Apostasy and Jewish identity in High Middle Ages Northern Europe (Record no. 34178)

MARC details
000 -LEADER
fixed length control field 02371nam a22003617a 4500
001 - CONTROL NUMBER
control field 100902
003 - CONTROL NUMBER IDENTIFIER
control field KnowledgeUnlatched
005 - DATE AND TIME OF LATEST TRANSACTION
control field 20210303105333.0
006 - FIXED-LENGTH DATA ELEMENTS--ADDITIONAL MATERIAL CHARACTERISTICS
fixed length control field m o d
007 - PHYSICAL DESCRIPTION FIXED FIELD--GENERAL INFORMATION
fixed length control field cr u||||||||||
008 - FIXED-LENGTH DATA ELEMENTS--GENERAL INFORMATION
fixed length control field 210129p20172018xxk o u00| u eng d
035 ## - SYSTEM CONTROL NUMBER
System control number (OCoLC)1048725032
037 ## - SOURCE OF ACQUISITION
Institution to which field applies BiblioBoard
020 ## - INTERNATIONAL STANDARD BOOK NUMBER
International Standard Book Number 9781526129345
029 1# - OTHER SYSTEM CONTROL NUMBER (OCLC)
OCLC library identifier https://library.biblioboard.com/ext/api/media/4b9d3537-eae4-4dbf-a519-12b6bef4a11c/assets/thumbnail.jpg
040 ## - CATALOGING SOURCE
Original cataloging agency ScCtBLL
Transcribing agency ScCtBLL
100 1# - MAIN ENTRY--PERSONAL NAME
Personal name Goldin, Simha
Relator term author.
245 00 - TITLE STATEMENT
Title Apostasy and Jewish identity in High Middle Ages Northern Europe
Remainder of title 'Are You Still My Brother?' /
Statement of responsibility, etc. Simha Goldin.
264 #1 - PRODUCTION, PUBLICATION, DISTRIBUTION, MANUFACTURE, AND COPYRIGHT NOTICE
Name of producer, publisher, distributor, manufacturer Manchester University Press,
300 ## - PHYSICAL DESCRIPTION
Extent 1 online resource (151 p.)
506 0# - RESTRICTIONS ON ACCESS NOTE
Terms governing access Access copy available to the general public.
Standardized terminology for access restriction Unrestricted
Source of term star
520 ## - SUMMARY, ETC.
Summary, etc. The attitude of Jews living in the medieval Christian world to Jews who converted to Christianity or to Christians seeking to join the Jewish faith reflects the central traits that make up Jewish self-identification. The Jews saw themselves as a unique group chosen by God, who expected them to play a specific and unique role in the world. This study researches fully for the first time the various aspects of the way European Jews regarded members of their own fold in the context of lapses into another religion. It attempts to understand whether they regarded the issue of conversion with self-confidence or with suspicion, and whether their attitude was based on a clear theological position, or on issues of socialisation. The book will primarily interest students and lecturers of Jewish/Christian relations, the Middle Ages, Jews in the Medieval period, and inter-religious research.
588 0# - SOURCE OF DESCRIPTION NOTE
Source of description note Description based on print version record.
590 ## - LOCAL NOTE (RLIN)
Local note KU Select 2017: Backlist Collection
650 #7 - SUBJECT ADDED ENTRY--TOPICAL TERM
Topical term or geographic name entry element Religion / Judaism / History
Source of heading or term bisacsh
650 #0 - SUBJECT ADDED ENTRY--TOPICAL TERM
Topical term or geographic name entry element Religion
655 #0 - INDEX TERM--GENRE/FORM
Genre/form data or focus term Electronic books.
758 ## -
-- Is found in:
-- Knowledge Unlatched
-- https://openresearchlibrary.org/module/2774bc74-146a-484f-a7ba-ab1d6a09bbfb
856 40 - ELECTRONIC LOCATION AND ACCESS
Uniform Resource Identifier <a href="https://openresearchlibrary.org/content/4b9d3537-eae4-4dbf-a519-12b6bef4a11c">https://openresearchlibrary.org/content/4b9d3537-eae4-4dbf-a519-12b6bef4a11c</a>
Public note View this content on Open Research Library.
-- 0
Holdings
Withdrawn status Lost status Source of classification or shelving scheme Damaged status Not for loan Home library Current library Shelving location Date acquired Total Checkouts Date last seen Uniform Resource Identifier Price effective from Koha item type
          Digital Library Digital Library Online Access 03.03.2021   03.03.2021 https://openresearchlibrary.org/content/4b9d3537-eae4-4dbf-a519-12b6bef4a11c 03.03.2021 eBook

OPENING HOURS

Weekdays: 0815hrs - 1800hrs
Weekends:0900hrs - 1200hrs

Closed for Mass:

Mon, Thur: 1200hrs - 1300hrs
Sunday & Public Holiday’s

CALL SUPPORT

0242-570570, 0242-570169
09200664, +263 8644140602

LOCATION

18443, Cranborne Avenue, Hatfield, Harare

Other Links


©2021 | CUZ Library